Club de Ligue 1 avec le + de match nul par saison - Statistiques

Statistiques générales
  • Ce quiz a été pris 49 fois
  • Le résultat moyen est 37 sur 42
Statistiques - réponses
Hint Réponse Nombre de matchs nuls % Correct
2004-2005 Bordeaux 20
98%
2012-2013 Bordeaux 16
98%
2014-2015 Bordeaux 12
98%
2016-2017 Bordeaux 14
98%
2021-2022 Bordeaux 13
98%
2008-2009 Rennes 16
96%
2016-2017 Rennes 14
96%
2018-2019 Strasbourg 16
96%
2000-2001 Lens 13
93%
2005-2006 Lens 18
93%
2009-2010 Lens 12
93%
2013-2014 Montpellier 18
93%
2017-2018 Montpellier 18
93%
2023-2024 Montpellier 12
93%
2014-2015 Nantes 12
93%
2022-2023 Nantes 15
93%
2024-2025 Nantes 12
93%
2002-2003 Nice 16
93%
2003-2004 Nice 17
93%
2006-2007 Nice 16
93%
2008-2009 Toulouse 16
93%
2016-2017 Toulouse 14
93%
2007-2008 Lille 18
91%
2021-2022 Lille 13
91%
2021-2022 Metz 13
91%
2014-2015 Saint-Etienne 12
91%
2016-2017 Saint-Etienne 14
91%
2011-2012 Brest 17
87%
2000-2001 Lyon 13
87%
2009-2010 Lyon 12
87%
2015-2016 Marseille 18
87%
2018-2019 Reims 16
87%
2019-2020 Reims 11
87%
2020-2021 Reims 15
87%
2021-2022 Reims 13
87%
2022-2023 Reims 15
87%
2010-2011 Auxerre 19
84%
2018-2019 Angers 16
80%
2019-2020 Amiens 11
71%
2000-2001 Troyes 13
64%
2006-2007 Le Mans 16
47%
2001-2002 Sedan 15
44%
Aucun quiz correspondant
Distribution des résultats
% des personnes avec chaque résultat
Percentile par nombre de réponses
Votre historique - résultats
Vous n’avez pas pris ce quiz